LIBRARY ONLINE CATALOGUE

Making the team : (Record no. 8784)

MARC details
000 -LEADER
fixed length control field 00752nam a22002412 4500
001 - CONTROL NUMBER
control field 0000019043
005 - DATE AND TIME OF LATEST TRANSACTION
control field 20151217152144.0
008 - FIXED-LENGTH DATA ELEMENTS--GENERAL INFORMATION
fixed length control field 100902s xx 000 0 eng d
020 ## - INTERNATIONAL STANDARD BOOK NUMBER
International Standard Book Number 0136037763 :
040 ## - CATALOGING SOURCE
Original cataloging agency KABU
Transcribing agency KABU
100 1# - MAIN ENTRY--PERSONAL NAME
Personal name Thompson, Leigh L.
-- 0000178605
245 10 - TITLE STATEMENT
Title Making the team :
Remainder of title a guide for managers /
Statement of responsibility, etc. Leigh L. Thompson.
250 ## - EDITION STATEMENT
Edition statement 3rd ed.
260 ## - PUBLICATION, DISTRIBUTION, ETC. (IMPRINT)
Place of publication, distribution, etc. Upper Saddle River, NJ. :
Name of publisher, distributor, etc. Pearson,
Date of publication, distribution, etc. 2008.
300 ## - PHYSICAL DESCRIPTION
Extent xx, 476 p.
650 #0 - SUBJECT ADDED ENTRY--TOPICAL TERM
Topical term or geographic name as entry element Teams in the workplace.
-- 0000054895
650 #0 - SUBJECT ADDED ENTRY--TOPICAL TERM
Topical term or geographic name as entry element Performance.
-- 0000083888
650 #0 - SUBJECT ADDED ENTRY--TOPICAL TERM
Topical term or geographic name as entry element Leadership.
-- 0000150687
650 #0 - SUBJECT ADDED ENTRY--TOPICAL TERM
Topical term or geographic name as entry element Organizational effectiveness.
-- 0000150612
852 1# - LOCATION
-- p2360 KES
908 ## - PUT COMMAND PARAMETER (RLIN)
Put command parameter 100902
950 ## - LOCAL HOLDINGS (RLIN)
-- 1
Holdings
Withdrawn status Lost status Source of classification or shelving scheme Not for loan Home library Current library Date acquired Total Checkouts Full call number Barcode Date last seen Price effective from Koha item type
    Library of Congress Classification   Kabarak, Main Campus Kabarak, Main Campus 17/12/2015   HD66 .T46 2008 c. 1 24010 02/08/2024 17/12/2015 General Collection